000 00621nam a2200217Ii 4500
003 JO-AjNU
008 230605s9999||||xx |||||||||||||| ||und||
040 _aJO-AjNU
_bara
_erda
_cJO-AjNU
041 _aara
050 1 4 _aD13.S5288.1994
100 3 _aشربل، موريس,
_eauthor
_940762
245 0 0 _aالتاريخ
250 _aط1
264 3 1 _aطرابلس: جروس يرس، 1994
300 _a168ص
336 _atext
_btxt
_2rdacontent
337 _aunmediated
_bn
_2rdamedia
338 _avolume
_bnc
_2rdacarrier
490 0 _aسلسلة المعلومات العامة
650 4 _aتاريخ
_940763
999 _aA17325
_c20893
_d20893